Từ điển lịch sử chế độ chính trị Trung Quốc

Bewaard in:
Bibliografische gegevens
Hoofdauteur: Chu, Phát Tăng
Formaat: Boek
Taal:Undetermined
Gepubliceerd in: Thành phố Hồ Chí Minh Trẻ 2001
Onderwerpen:
Tags: Voeg label toe
Geen labels, Wees de eerste die dit record labelt!
Thư viện lưu trữ: Trung tâm Học liệu Trường Đại học Cần Thơ
LEADER 00651nam a2200193Ia 4500
001 CTU_92677
008 210402s9999 xx 000 0 und d
082 |a 951.003 
082 |b T116 
100 |a Chu, Phát Tăng 
245 0 |a Từ điển lịch sử chế độ chính trị Trung Quốc 
245 0 |c Chu Phát Tăng, Trần Long Đào, Tề Cát Tường; Nguyễn Văn Dương dịch 
260 |a Thành phố Hồ Chí Minh 
260 |b Trẻ 
260 |c 2001 
650 |a China 
650 |x History,Dictionaries 
904 |i Tuyến 
980 |a Trung tâm Học liệu Trường Đại học Cần Thơ